| 000 | 00738cam a2200205 a 4500 | ||
|---|---|---|---|
| 001 | 000000982 | ||
| 005 | 20200929145446.0 | ||
| 008 | 731010s1971 gw b 000 0bspa d | ||
| 040 |
_aDO-SdBNP _bspa _cBNPHU |
||
| 082 |
_a838 _bM281b |
||
| 100 | 1 |
_aBanuls, Andre. _93442 |
|
| 245 | 1 | 0 | _aHeinrich Mann 1871/1971. |
| 260 |
_aGermany : _bInter Nationes Bonn Bad Godesberg, _c1971. |
||
| 300 |
_a29 p. ; _c25 cm. |
||
| 505 | 0 | _aBanuls, A. Heinrich Mann, the Romantic.--Kantorowicz, A. Heinrich Mann as a champion of Franco-German understanding.--Chronology. | |
| 504 | _aBibliografía : p. 28-29. | ||
| 650 | 4 |
_aLiteratura alemana _93274 |
|
| 600 | 1 | 0 |
_aMANN, HEINRICH _d1871-1950. _xBIOGRAFÍA _93443 |
| 700 | 1 |
_aKantorowicz, Alfred, _d1899- _93444 |
|
| 999 |
_c968 _d968 |
||